Pojistné sociálního pojištění v kontextu reformy veřejných financí

Sociálny systém v Českej republike. Jeho špecifiká. Sociálne zabezpečenie v ČR. Reforma nemocenského poistenia. Reforma dôchodkového poistenia.

Gespeichert in:
Bibliographische Detailangaben
1. Verfasser: Barteczková, Ivana
Format: Buchkapitel
Sprache:Tschechisch
Schlagworte:
Tags: Tag hinzufügen
Keine Tags, Fügen Sie das erste Tag hinzu!

MARC

LEADER 00000naa$a2200000$$$4500
001 0083278
005 20231128130300.5
041 0 |a cze 
044 |a CZ 
245 1 0 |a Pojistné sociálního pojištění v kontextu reformy veřejných financí  |c Ivana Barteczková 
520 |a Sociálny systém v Českej republike. Jeho špecifiká. Sociálne zabezpečenie v ČR. Reforma nemocenského poistenia. Reforma dôchodkového poistenia. 
610 2 0 |a financie verejné 
610 2 0 |a zabezpečenie sociálne 
610 2 0 |a financie verejné 
610 2 0 |a poistenie starobné 
610 2 0 |a reformy sociálne 
610 2 0 |a Česko 
610 2 0 |a reformy dôchodkové 
610 2 0 |a poistenie nemocenské 
100 1 |a Barteczková, Ivana